[Event "Parana-ch"]
[Site "Pirai do Sul"]
[Date "2017.02.04"]
[Round "6"]
[White "De Oliveira, Wythor Rogerio"]
[Black "De Moura, Daniel Cadamuro"]
[Result "1-0"]
[WhiteElo "1226"]
[BlackElo "1727"]
[PlyCount "63"]
[EventDate "2017.02.01"]
[EventType "swiss"]
[EventRounds "8"]
[EventCountry "BRA"]
[SourceTitle "CBM 176 Extra"]
[Source "ChessBase"]
[SourceDate "2017.03.02"]
[SourceVersion "1"]
[SourceVersionDate "2017.03.02"]
[SourceQuality "1"]

1. e4 e5 2. Bc4 Nf6 3. d3 Bc5 4. Nc3 h6 5. Be3 Bb6 6. Nf3 0-0 7. Nxe5 d6 8. Nxf7 Rxf7 9. Bxf7+ Kxf7 10. Bxb6 axb6 11. Qf3 Qe8 12. Nd5 Qd8 13. Nxf6 Qxf6 14. Qxf6+ Kxf6 15. h3 Nc6 16. c3 Ne5 17. Ke2 c6 18. f4 Ng6 19. g3 c5 20. Kf3 Ne7 21. g4 b5 22. h4 b4 23. g5+ hxg5 24. hxg5+ Kg6 25. Rh8 Kf7 26. f5 g6 27. Rh7+ Ke8 28. f6 Nc6 29. Rah1 Ne5+ 30. Kg3 Nxd3 31. Re7+ Kd8 32. Rh8# 1-0

[Event "Parana-ch"]
[Site "Pirai do Sul"]
[Date "2017.02.01"]
[Round "1"]
[White "Lunelli, Neuri Antonio"]
[Black "De Moura, Daniel Cadamuro"]
[Result "1-0"]
[WhiteElo "1825"]
[BlackElo "1727"]
[PlyCount "37"]
[EventDate "2017.02.01"]
[EventType "swiss"]
[EventRounds "8"]
[EventCountry "BRA"]
[SourceTitle "CBM 176 Extra"]
[Source "ChessBase"]
[SourceDate "2017.03.02"]
[SourceVersion "1"]
[SourceVersionDate "2017.03.02"]
[SourceQuality "1"]

1. d4 d5 2. Nf3 Nc6 3. g3 g6 4. Bg2 Bg7 5. 0-0 Nf6 6. c4 dxc4 7. Nc3 Ng4 8. d5 Nb4 9. Qa4+ Nc6 10. dxc6 bxc6 11. Qxc6+ Bd7 12. Qxc4 Be6 13. Qa4+ Bd7 14. Qe4 Nf6 15. Qc4 Be6 16. Qh4 0-0 17. Ng5 Rc8 18. Nce4 Bf5 19. Nxf6+ 1-0